| 000 | 00430nam a2200109Ia 4500 | ||
|---|---|---|---|
| 008 | 160909s9999 xx 000 0 und d | ||
| 100 | _aDiggs, Tangela R. | ||
| 245 | _aExceptional leadership in exceptional times: Perspectives and ideologies of special education directors in Southern California | ||
| 260 |
_bPepperdine University _c2016 |
||
| 650 | _aEDUC/SPED | ||
| 856 | _uhttp://pqdtopen.proquest.com/doc/1803938168.html?FMT=ABS | ||
| 999 |
_c304988 _d304988 |
||